The golden rules of advocacy (Record no. 108911)
[ view plain ]
| 000 -LEADER | |
|---|---|
| fixed length control field | 01099cam a22002535a 4500 |
| 001 - CONTROL NUMBER | |
| control field | L145770 |
| 008 - FIXED-LENGTH DATA ELEMENTS--GENERAL INFORMATION | |
| fixed length control field | 081106s2007 xxk df 000 0 eng d |
| 020 ## - INTERNATIONAL STANDARD BOOK NUMBER | |
| International Standard Book Number | 9781854312594 |
| 035 ## - SYSTEM CONTROL NUMBER | |
| System control number | (Sirsi) u145770 |
| 041 0# - LANGUAGE CODE | |
| Language code of text/sound track or separate title | eng |
| 050 04 - LIBRARY OF CONGRESS CALL NUMBER | |
| Classification number | 347.42052 $2 18 |
| 100 1# - MAIN ENTRY--PERSONAL NAME | |
| Personal name | Evans, Keith |
| 245 04 - TITLE STATEMENT | |
| Title | The golden rules of advocacy |
| 260 ## - PUBLICATION, DISTRIBUTION, ETC. | |
| Place of publication, distribution, etc. | Oxford |
| Name of publisher, distributor, etc. | Oxford University Price |
| Date of publication, distribution, etc. | [2007?] |
| 300 ## - PHYSICAL DESCRIPTION | |
| Extent | 127p. |
| Other physical details | ill. |
| Dimensions | 22cm. |
| 350 ## - PRICE (NR) (BK AM CF MU VM SE) [OBSOLETE] | |
| Price | 18.99 |
| 505 2# - FORMATTED CONTENTS NOTE | |
| Formatted contents note | Introduction -- The dimensions -- The manadatory rules -- Advocacy as theatre -- The psychology of advocacy -- The examination of witnesses -- Examination in chief -- Cross-examination -- Re-examination -- Final speech |
| 520 ## - SUMMARY, ETC. | |
| Summary, etc. | Practical guide to advocacy with a concise range of guidelines discussed. Goes through the stages of a case with suggestions and examples for each part. Would be useful to legal practitioners and students. |
| 521 ## - TARGET AUDIENCE NOTE | |
| Target audience note | Advanced |
| 590 ## - LOCAL NOTE (RLIN) | |
| Local note | KA |
| 651 #4 - SUBJECT ADDED ENTRY--GEOGRAPHIC NAME | |
| Geographic name | United Kingdom |
| Chronological subdivision | |
| 690 ## - LOCAL SUBJECT ADDED ENTRY--TOPICAL TERM (OCLC, RLIN) | |
| Topical term or geographic name as entry element | MANAGEMENT-DISPUTE AVOIDANCE, MANAGEMENT AND RESOLUTION-DISPUTE MANAGEMENT AND RESOLUTION-ADVOCACY |
| 942 ## - ADDED ENTRY ELEMENTS (KOHA) | |
| Suppress in OPAC | 0 |
| Withdrawn status | Lost status | Source of classification or shelving scheme | Damaged status | Not for loan | Home library | Current library | Shelving location | Date acquired | Cost, normal purchase price | Total Checkouts | Full call number | Barcode | Date last seen | Date last checked out | Copy number | Cost, replacement price | Price effective from | Koha item type |
|---|---|---|---|---|---|---|---|---|---|---|---|---|---|---|---|---|---|---|
| Dewey Decimal Classification | London | London | Books | 06/11/2008 | 18.04 | 2 | 347.42052 EVA | 30076231 | 06/08/2019 | 15/10/2009 | 1 | 18.04 | 06/08/2019 | Book |